000 02499nam a22002657a 4500
003 BJBSDDR
005 20260512173232.0
006 a|||||r|||| 00| 0
007 ta
008 260512s2021 nyu|||||r|||| 00| 0 eng d
020 _a9780804172721
040 _bspa
_cBJBSDDR
041 _aeng
050 _bB916b 2021
100 1 _aBryson, Bill,
_d1951-
_99397
245 1 4 _aThe body :
_ba guide for occupants /
_cBill Bryson.
250 _aFirst Anchor books edition
260 _aNew York :
_bAnchor Books, a division of Penguin Random House LLC,
_c2021
300 _a x, 452 pages, 16 unnumbered pages of plates :
_billustrations (some color) ;
_c21 cm
500 _a"With a new afterword"--Cover "Originally published in hardcover in the United States by Doubleday, a division of Penguin Random House LLC, New York, and simultaneously published in hardcover in Great Britain by Doubleday, an imprint of Transworld Publishers, a division of Penguin Random House Ltd., London, in 2019."--Title page verso
505 _aContenidos : How to build a human The outside : skin and hair Microbial you The brain The head Down the hatch : the mouth and throat The heart and blood The chemistry department In the dissecting room : the skeleton On the move : bipedalism and exercise Equilibrium The immune system Deep breath : the lungs and breathing Food, glorious food The guts Sleep Into the nether regions In the beginning : conception and birth Nerves and pain When things go wrong: diseases When things go very wrong : cancer Medicine good and bad The end Afterword to the Anchor books edition (2020)
520 _aBill Bryson once again proves himself to be an incomparable companion as he guides us through the human body--how it functions, its remarkable ability to heal itself, and (unfortunately) the ways it can fail. Full of extraordinary facts (your body made a million red blood cells since you started reading this) and irresistible Brysonesque anecdotes, The Body will lead you to a deeper understanding of the miracle that is life in general and you in particular. As Bill Bryson writes, "We pass our existence within this wobble of flesh and yet take it almost entirely for granted." The Body will cure that indifference with generous doses of wondrous, compulsively readable facts and information. As addictive as it is comprehensive, this is Bryson at his very best, a must-read owner's manual for every body.
942 _2lcc
_n0
_cBK
946 _illh
999 _c127071
_d127071